000
00309nam a22001337a 4500
008
181011b xxu||||| |||| 00| 0 eng d
020
_a
9781604060263
041
_a
eng
080
_a
617
100
_a
5
101
_a
KIR
245
_a
Complications in Facial Plastic Surgery
_c
Capone, R.B
942
_2
udc
_c
BK
999
_c
49374
_d
49374